[Event "Chigorin Memorial 27th"]
[Site "St Petersburg"]
[Date "2019.10.12"]
[Round "8"]
[White "Orlov, Alexandr"]
[Black "Frolov, Zakhar"]
[Result "1-0"]
[WhiteElo "1731"]
[BlackElo "1213"]
[PlyCount "21"]
[EventDate "2019.10.05"]
[EventType "swiss"]
[EventRounds "9"]
[EventCountry "RUS"]
[SourceTitle "EXT 2021"]
[Source "ChessBase"]
[SourceDate "2020.10.23"]
[SourceVersion "1"]
[SourceVersionDate "2020.10.23"]
[SourceQuality "1"]

1. e4 e5 2. Nc3 Nc6 3. Bc4 Bc5 4. Qg4 g6 5. Qf3 Qf6 6. Nd5 Qxf3 7. Nxf3 Bd6 8. 0-0 Nge7 9. Nf6+ Kf8 10. d4 exd4 11. Bh6# 1-0